000 00635nam a2200241Ia 4500
003 OSt
005 20220918222415.0
006 a|||||r|||| 00| 0
007 ta
008 220917b |||||||| |||| 00| 0 eng d
024 _a216,774
037 _cTextual
040 _aARTS
_cARTS
_beng
041 _2eng
_aeng
082 _aN:(Y:4512), P1
100 _aZelizer Barbie Ed.
_9143071
245 0 _aVisual culture and the Holocaust
260 _aLondon
_bThe Athlone press
_c2001
300 _a364p
_ccm.
650 _aARTS
942 _hN:(Y:4512), P1
_cTEXL
_2CC
999 _c275440
_d275440